[Event "Online Olym Top DivD"]
[Site "chess.com INT"]
[Date "2020.08.23"]
[Round "7.4"]
[White "Panjwani, Raja"]
[Black "Valsecchi, A."]
[Result "0-1"]
[WhiteElo "2448"]
[BlackElo "2491"]
[PlyCount "96"]
[EventDate "2020.08.21"]
[EventType "team (rapid)"]
[EventRounds "9"]
[EventCountry "NET"]
[Source "Mark Crowther"]
[SourceDate "2020.08.24"]
[WhiteTeam "Canada"]
[BlackTeam "Italy"]
[WhiteTeamCountry "CAN"]
[BlackTeamCountry "ITA"]

1. c4 e6 2. Nf3 d5 3. d4 Nf6 4. e3 a6 5. Nbd2 c5 6. b3 Nc6 7. Bb2 cxd4 8. exd4
g6 9. Bd3 Bg7 10. O-O O-O 11. Qe2 b6 12. Rac1 Bb7 13. Rfd1 Re8 14. Nf1 Qb8 15.
Ng3 Bh6 16. Rc3 Bf4 17. Bb1 e5 18. dxe5 Nxe5 19. Nxe5 Bxe5 20. Re3 Bxb2 21.
Rxe8+ Qxe8 22. Qxb2 Qe6 23. cxd5 Bxd5 24. Qd4 Re8 25. h4 h5 26. Qf4 b5 27. f3
a5 28. Qg5 a4 29. bxa4 bxa4 30. Kh2 Qe5 31. Bc2 a3 32. Ba4 Re7 33. Rd2 Bc4 34.
Rc2 Ba6 35. Qxe5 Rxe5 36. Rc6 Ra5 37. Bb3 Nd7 38. Rxg6+ Kf8 39. Rc6 Nc5 40. Bd5
Nd3 41. Be4 Nb4 42. Rc7 Nxa2 43. Nf5 Nb4 44. Ra7 Rxf5 45. Ra8+ Kg7 46. Bb1 Ra5
47. g3 a2 48. Bxa2 Rxa2+ 0-1

[Event "Online Olym Top DivD"]
[Site "chess.com INT"]
[Date "2020.08.23"]
[Round "8.3"]
[White "Panjwani, Raja"]
[Black "Fier, A."]
[Result "0-1"]
[WhiteElo "2448"]
[BlackElo "2560"]
[PlyCount "108"]
[EventDate "2020.08.21"]
[EventType "team (rapid)"]
[EventRounds "9"]
[EventCountry "NET"]
[Source "Mark Crowther"]
[SourceDate "2020.08.24"]
[WhiteTeam "Canada"]
[BlackTeam "Brazil"]
[WhiteTeamCountry "CAN"]
[BlackTeamCountry "BRA"]

1. Nf3 Nf6 2. g3 g6 3. b3 d6 4. d4 Bg7 5. Bb2 c5 6. c4 Ne4 7. Bg2 Qa5+ 8. Nbd2
Nc6 9. e3 O-O 10. O-O Nxd2 11. Qxd2 Qxd2 12. Nxd2 cxd4 13. Bxc6 dxe3 14. Bxg7
Kxg7 15. Bf3 exd2 16. Rfd1 Rb8 17. Rxd2 Be6 18. a4 a5 19. Re1 Kf6 20. Rd4 g5
21. h4 h6 22. Kg2 Rfc8 23. Rh1 Rc5 24. hxg5+ hxg5 25. g4 Re5 26. Kg3 Kg7 27.
Be4 b6 28. Rh7+ Kg8 29. Rh6 Bc8 30. f4 gxf4+ 31. Kxf4 Bb7 32. Bf5 Re2 33. Rd3
Bg2 34. g5 Rf2+ 35. Kg4 e6 36. Bh7+ Kf8 37. Kg3 Re2 38. Rh2 Bf1 39. Rxe2 Bxe2
40. Rxd6 Ke7 41. Rd2 Bh5 42. Kh4 Bf3 43. Kg3 Bc6 44. Kf4 Rh8 45. Rh2 Kd6 46.
Rh6 Be8 47. Be4 Rg8 48. Bh7 Rg7 49. Rh5 Bd7 50. Ke4 Bc6+ 51. Kf4 Be8 52. Ke4
f5+ 53. gxf6 Rg4+ 54. Kf3 Bxh5 0-1

[Event "Seville op"]
[Site "Seville ESP"]
[Date "2020.01.10"]
[Round "1.15"]
[White "Ankitha, Goud Palle"]
[Black "Panjwani, Raja"]
[Result "0-1"]
[WhiteElo "1761"]
[BlackElo "2444"]
[PlyCount "92"]
[EventDate "2020.01.10"]
[EventType "swiss"]
[EventRounds "9"]
[EventCountry "ESP"]
[Source "ChessMix"]
[SourceDate "2020.02.01"]

1. Nf3 g6 2. d4 Bg7 3. Nbd2 d5 4. b4 Nc6 5. c3 Nf6 6. e3 O-O 7. Be2 a6 8. a4
Ne4 9. Bb2 Nxd2 10. Nxd2 e5 11. b5 Na5 12. O-O Re8 13. Nf3 e4 14. Nd2 Be6 15.
bxa6 bxa6 16. Ba3 Qg5 17. Re1 f5 18. g3 h5 19. Qc2 f4 20. exf4 Qf6 21. Rab1 Bf5
22. Nf1 e3 23. Bd3 Nc4 24. Bc5 exf2+ 25. Kxf2 h4 26. Bxf5 gxf5 27. Qd3 Re4 28.
Ne3 Nxe3 29. Rxe3 Qe6 30. Qe2 Qg6 31. Rxe4 fxe4 32. Kg2 Qf5 33. Rb7 h3+ 34. Kg1
Re8 35. a5 e3 36. Ba3 Qd7 37. Rb1 Qc6 38. Bb4 Qg6 39. Rf1 Qe4 40. Rf3 Bf8 41.
Bxf8 Kxf8 42. Qxa6 e2 43. Qf6+ Kg8 44. Qg5+ Kh7 45. Qh5+ Kg7 46. Qg5+ Qg6 0-1

[Event "Seville op"]
[Site "Seville ESP"]
[Date "2020.01.12"]
[Round "3.15"]
[White "Simon Padros, Emili"]
[Black "Panjwani, Raja"]
[Result "0-1"]
[WhiteElo "2119"]
[BlackElo "2444"]
[PlyCount "72"]
[EventDate "2020.01.10"]
[EventType "swiss"]
[EventRounds "9"]
[EventCountry "ESP"]
[Source "ChessMix"]
[SourceDate "2020.02.01"]

1. e4 c6 2. d4 d5 3. e5 Bf5 4. h4 h5 5. c4 e6 6. Nc3 Ne7 7. Bg5 dxc4 8. Bxc4
Nd7 9. Nge2 f6 10. exf6 gxf6 11. Be3 Nb6 12. Bd3 Qd7 13. Ng3 Bxd3 14. Qxd3 Ned5
15. Nge4 O-O-O 16. O-O-O Qh7 17. Rh3 Kb8 18. Rf3 Be7 19. a3 Rhg8 20. Rg3 Rxg3
21. Nxg3 f5 22. Bg5 Bxg5+ 23. hxg5 Qg6 24. Nxd5 Nxd5 25. Qe2 Qxg5+ 26. Kb1 h4
27. Qe5+ Ka8 28. Ne4 Qxg2 29. Nc5 Re8 30. Qd6 h3 31. Qd7 Rb8 32. Nxe6 a6 33.
Nc5 h2 34. Qh7 Nf4 35. Nd7 Nh3 36. Nxb8 h1=Q 0-1

[Event "Seville op"]
[Site "Seville ESP"]
[Date "2020.01.13"]
[Round "4.14"]
[White "Panjwani, Raja"]
[Black "Hari Charan Sai Kalluri"]
[Result "1-0"]
[WhiteElo "2444"]
[BlackElo "1836"]
[PlyCount "113"]
[EventDate "2020.01.10"]
[EventType "swiss"]
[EventRounds "9"]
[EventCountry "ESP"]
[Source "ChessMix"]
[SourceDate "2020.02.01"]

1. Nf3 d5 2. g3 c6 3. Bg2 Bg4 4. O-O Nd7 5. d4 Ngf6 6. Nbd2 e6 7. Re1 Bd6 8. e4
dxe4 9. Nxe4 Nxe4 10. Rxe4 Nf6 11. Re1 h6 12. c3 O-O 13. Qb3 Qc7 14. Ne5 Bf5
15. Nc4 b5 16. Nxd6 Qxd6 17. a4 a6 18. Bf4 Qd7 19. Qa3 Nd5 20. Bd6 Rfc8 21. a5
Ra7 22. Bc5 Rb7 23. Qb3 Rcb8 24. Qd1 Nf6 25. h3 Qc7 26. f4 Rd8 27. Qf3 Nd5 28.
g4 Bh7 29. Re5 Rbb8 30. b4 Qd7 31. Rae1 Re8 32. h4 f6 33. R5e2 Kf7 34. Rf2 Rbc8
35. Bf1 Qc7 36. Be2 Kg8 37. Bd1 Qf7 38. Bb3 Rcd8 39. Rfe2 f5 40. g5 Bg6 41. Qg3
Bh5 42. Re5 Bg4 43. Kf2 Qd7 44. h5 Bxh5 45. gxh6 g6 46. c4 Nf6 47. cxb5 Ng4+
48. Kg1 Nxe5 49. Rxe5 cxb5 50. Qe3 Kh7 51. Bxe6 Rxe6 52. Rxe6 Kxh6 53. Be7 Qxd4
54. Bg5+ Kh7 55. Re7+ Kg8 56. Re8+ Kf7 57. Bxd8 1-0

[Event "Seville op"]
[Site "Seville ESP"]
[Date "2020.01.14"]
[Round "5.8"]
[White "Pridorozhni, Aleksei"]
[Black "Panjwani, Raja"]
[Result "1-0"]
[WhiteElo "2601"]
[BlackElo "2444"]
[PlyCount "93"]
[EventDate "2020.01.10"]
[EventType "swiss"]
[EventRounds "9"]
[EventCountry "ESP"]
[Source "ChessMix"]
[SourceDate "2020.02.01"]

1. e4 c6 2. d4 d5 3. e5 Bf5 4. h4 h5 5. c4 e6 6. Nc3 Ne7 7. Nge2 Nd7 8. Ng3 Bg6
9. Bg5 f6 10. exf6 gxf6 11. Be3 Qb6 12. Qd2 Qb4 13. Rc1 dxc4 14. a3 Qb3 15.
Nce4 Nd5 16. Bxc4 Qb6 17. O-O O-O-O 18. Bxd5 exd5 19. Nc3 Qb3 20. Nce2 Nb6 21.
Rc3 Qb5 22. Nf4 Bf7 23. Qc2 Kb8 24. Bc1 Qa4 25. Qd3 Nc8 26. b3 Qa5 27. Rc2 Qc7
28. Re2 Qd7 29. Rfe1 Nd6 30. Ng6 Bxg6 31. Qxg6 Qg4 32. Qxg4 hxg4 33. Bf4 Kc8
34. a4 Rxh4 35. Re6 Ne4 36. Nxe4 dxe4 37. R1xe4 f5 38. Bg5 Rh5 39. Bxd8 fxe4
40. Bf6 Bb4 41. Rxe4 Rh6 42. Be5 Rg6 43. Kh2 c5 44. Kg3 Kd7 45. Rxg4 Rxg4+ 46.
Kxg4 Bc3 47. Kf5 1-0

[Event "Seville op"]
[Site "Seville ESP"]
[Date "2020.01.15"]
[Round "6.11"]
[White "Panjwani, Raja"]
[Black "Gu, Tianlu"]
[Result "1/2-1/2"]
[WhiteElo "2444"]
[BlackElo "2255"]
[PlyCount "142"]
[EventDate "2020.01.10"]
[EventType "swiss"]
[EventRounds "9"]
[EventCountry "ESP"]
[Source "ChessMix"]
[SourceDate "2020.02.01"]

1. Nf3 d5 2. g3 Nf6 3. Bg2 c5 4. O-O Nc6 5. d4 e6 6. c4 dxc4 7. dxc5 Qxd1 8.
Rxd1 Bxc5 9. Nbd2 c3 10. bxc3 O-O 11. Nb3 Be7 12. c4 Bd7 13. Bb2 Rfd8 14. Nfd4
Rac8 15. Nb5 b6 16. Nd6 Rc7 17. Ba3 Ne5 18. Nb5 Bxb5 19. Rxd8+ Bxd8 20. cxb5
Nc4 21. Rd1 Be7 22. Bxe7 Rxe7 23. Rd4 Na3 24. Bc6 g6 25. Nd2 Rc7 26. Rd3 Nc2
27. a3 Nd5 28. Ne4 Kf8 29. e3 Ne1 30. Rd1 Nc2 31. Rd3 Ne1 32. Rb3 Nf3+ 33. Kg2
Ne5 34. Bxd5 exd5 35. Nf6 Rc2 36. h3 Rd2 37. Nxh7+ Kg7 38. Ng5 Nd3 39. Nf3
Rxf2+ 40. Kg1 Rxf3 41. Rxd3 Rxg3+ 42. Kf2 Rxh3 43. Rxd5 Rh5 44. Rd7 Rxb5 45.
Rxa7 g5 46. Ra6 f6 47. Kf3 Kg6 48. a4 Ra5 49. Rxb6 Rxa4 50. e4 Ra3+ 51. Kf2 Kf7
52. Rc6 Rd3 53. Ra6 Ke7 54. Ke2 Rd6 55. Ra5 Ke6 56. Ke3 Rb6 57. Kf2 Rb3 58. Ke2
Rb6 59. Kf2 Kf7 60. Kf3 Kg6 61. Ra7 Rb3+ 62. Kf2 Kh5 63. Ra6 Rb2+ 64. Kg3 Rb4
65. Rxf6 Rxe4 66. Rf3 Kg6 67. Ra3 Kf5 68. Ra5+ Re5 69. Rxe5+ Kxe5 70. Kg4 Kf6
71. Kg3 Ke5 1/2-1/2

[Event "Seville op"]
[Site "Seville ESP"]
[Date "2020.01.16"]
[Round "7.12"]
[White "Estremera Panos, Sergio"]
[Black "Panjwani, Raja"]
[Result "0-1"]
[WhiteElo "2307"]
[BlackElo "2444"]
[PlyCount "120"]
[EventDate "2020.01.10"]
[EventType "swiss"]
[EventRounds "9"]
[EventCountry "ESP"]
[Source "ChessMix"]
[SourceDate "2020.02.01"]

1. d4 Nf6 2. c4 e6 3. Nc3 Bb4 4. Qc2 d5 5. cxd5 exd5 6. Bf4 O-O 7. e3 Ne4 8.
Bd3 f5 9. h4 c6 10. Qb3 a5 11. a3 Bxc3+ 12. bxc3 a4 13. Qb2 b6 14. f3 Nf6 15.
h5 b5 16. Ne2 Na6 17. Ng3 Ne8 18. Qc2 Qf6 19. O-O Be6 20. e4 Qh4 21. Qd2 fxe4
22. fxe4 Nf6 23. Qe1 Rae8 24. Bd6 Rf7 25. exd5 Bxd5 26. Nf5 Rxe1 27. Nxh4 Re3
28. Rad1 Be4 29. Bxe4 Nxe4 30. Rxf7 Kxf7 31. Rf1+ Ke6 32. Be5 Nxc3 33. Nf5 Re4
34. Nxg7+ Kd5 35. Ne8 Ne2+ 36. Kf2 Nxd4 37. Nf6+ Kxe5 38. Nxe4 Kxe4 39. Re1+
Kf5 40. Re7 h6 41. Rg7 Ne6 42. g4+ Kf4 43. Rg6 Nac7 44. g5 Nxg5 45. Rxc6 Nge6
46. Rc1 Kg5 47. Ke3 Kxh5 48. Ke4 Kg5 49. Rg1+ Kf6 50. Rf1+ Ke7 51. Rh1 Kd6 52.
Rxh6 Kc5 53. Rh1 Kc4 54. Rb1 Nc5+ 55. Ke5 Nd5 56. Kd6 Nd3 57. Kc6 Nc3 58. Rh1
Kb3 59. Rh3 Nf4 60. Rf3 Nfd5 0-1

[Event "Montebelluna 2019.12"]
[Site "Montebelluna ITA"]
[Date "2019.12.27"]
[Round "2.10"]
[White "Nandhidhaa, PV."]
[Black "Panjwani, Raja"]
[Result "1/2-1/2"]
[WhiteElo "2312"]
[BlackElo "2444"]
[PlyCount "146"]
[EventDate "2019.12.27"]
[EventType "swiss"]
[EventRounds "9"]
[EventCountry "ITA"]
[Source "ChessMix"]
[SourceDate "2020.01.01"]

1. e4 e5 2. Nf3 Nc6 3. Nc3 Nf6 4. Bb5 Nd4 5. Bd3 Nxf3+ 6. Qxf3 Bc5 7. Qg3 O-O
8. O-O Re8 9. Be2 d5 10. d3 d4 11. Nb1 Kh8 12. Nd2 Nd7 13. Nf3 Bd6 14. Ng5 Qe7
15. Bg4 f6 16. Nh3 Nf8 17. f4 Bxg4 18. Qxg4 exf4 19. Nxf4 Bxf4 20. Bxf4 Ng6 21.
Bg3 Qe6 22. Qh5 Qb6 23. b3 c5 24. Rf5 Rac8 25. Raf1 Qc6 26. e5 fxe5 27. Bxe5
Qe6 28. Bg3 Qe3+ 29. Kh1 b6 30. Qg4 Rf8 31. h3 Rxf5 32. Qxf5 Rg8 33. Kh2 Qe2
34. Rf2 Qe8 35. Qf7 Rf8 36. Qxa7 Rxf2 37. Bxf2 Nf4 38. Bg3 Nd5 39. Qb8 Qxb8 40.
Bxb8 Kg8 41. Kg3 Kf7 42. Kf3 Ke6 43. a3 Kd7 44. Bf4 Kc6 45. Bd2 g6 46. Ke4 Nf6+
47. Ke5 Nd5 48. Ke4 Nf6+ 49. Ke5 Nd5 50. g4 Ne3 51. c4 Nd1 52. Be1 Nb2 53. Ke4
b5 54. cxb5+ Kxb5 55. a4+ Kc6 56. Bd2 Nd1 57. Be1 Ne3 58. Bd2 Nd5 59. h4 Kd6
60. h5 gxh5 61. gxh5 Nf6+ 62. Kf5 Nxh5 63. Bf4+ Nxf4 64. Kxf4 Kc6 65. Kg5 Kb6
66. Kh6 Ka5 67. Kxh7 Kb4 68. Kg6 Kxb3 69. a5 c4 70. dxc4 d3 71. a6 d2 72. a7
d1=Q 73. a8=Q Qd3+ 1/2-1/2

[Event "Montebelluna 2019.12"]
[Site "Montebelluna ITA"]
[Date "2019.12.28"]
[Round "3.10"]
[White "Panjwani, Raja"]
[Black "Orfini, Nicolo"]
[Result "1-0"]
[WhiteElo "2444"]
[BlackElo "2271"]
[PlyCount "95"]
[EventDate "2019.12.27"]
[EventType "swiss"]
[EventRounds "9"]
[EventCountry "ITA"]
[Source "ChessMix"]
[SourceDate "2020.01.01"]

1. Nf3 d6 2. d4 Nf6 3. g3 g6 4. Bg2 Bg7 5. c4 O-O 6. O-O Nc6 7. Nc3 Bg4 8. h3
Bxf3 9. Bxf3 Nd7 10. Be3 e5 11. Bxc6 bxc6 12. Qd2 Qc8 13. Kg2 Qb7 14. dxe5 Nxe5
15. b3 Rfe8 16. Rac1 f5 17. Rfd1 Re6 18. c5 Rae8 19. Bd4 d5 20. e3 Qa6 21. Ne2
R6e7 22. Rc2 g5 23. Qc3 h6 24. b4 Nc4 25. Qd3 Qc8 26. Bxg7 Rxg7 27. Nd4 Ne5 28.
Qxf5 Qb7 29. Ne6 Rf7 30. Qxe5 Qc8 31. b5 Rxe6 32. Qb2 cxb5 33. Rxd5 c6 34. Rd4
Qf8 35. Qb3 Ref6 36. Rd7 Kg7 37. Rxf7+ Qxf7 38. Qc3 Qd5+ 39. Kh2 Kg6 40. Rd2
Qf7 41. Kg2 Qe7 42. Rd4 Qf7 43. Qd3+ Kg7 44. Qd2 Kg6 45. Rd6 Qf8 46. Qd3+ Kh5
47. g4+ Kh4 48. Rxf6 1-0

[Event "Montebelluna 2019.12"]
[Site "Montebelluna ITA"]
[Date "2019.12.28"]
[Round "4.9"]
[White "Peng, Hongchi"]
[Black "Panjwani, Raja"]
[Result "0-1"]
[WhiteElo "2271"]
[BlackElo "2444"]
[PlyCount "118"]
[EventDate "2019.12.27"]
[EventType "swiss"]
[EventRounds "9"]
[EventCountry "ITA"]
[Source "ChessMix"]
[SourceDate "2020.01.01"]

1. e4 e5 2. Nf3 Nc6 3. Bb5 g6 4. O-O Bg7 5. c3 a6 6. Ba4 d6 7. h3 Bd7 8. d4 Nf6
9. Re1 O-O 10. Nbd2 Nh5 11. Nf1 b5 12. Bc2 exd4 13. cxd4 Nb4 14. Bb1 c5 15. a3
Nc6 16. dxc5 dxc5 17. e5 Qc8 18. N1h2 Rd8 19. Qc2 Bf5 20. Qxc5 Bxb1 21. Rxb1
Nxe5 22. Qxc8 Nxf3+ 23. Nxf3 Raxc8 24. Bg5 Rd3 25. Re3 Rxe3 26. Bxe3 Nf6 27.
Rc1 Rxc1+ 28. Bxc1 Ne4 29. Kf1 f5 30. Ke2 Kf7 31. Ne1 Ke6 32. Nd3 a5 33. f3 Nd6
34. b3 Nb7 35. h4 Kd5 36. Nf4+ Kd6 37. Nd3 Bf6 38. g3 Nc5 39. Nxc5 Kxc5 40. Kd3
a4 41. bxa4 bxa4 42. Bg5 Bb2 43. Be7+ Kd5 44. g4 h5 45. gxh5 gxh5 46. Kc2 Be5
47. Kd3 Bg3 48. Kc3 Be1+ 49. Kd3 Ke5 50. Bg5 Kd5 51. Be7 Ba5 52. Bg5 Bc7 53.
Be7 Ke6 54. Bg5 Bd6 55. Bc1 Be7 56. Ke3 Bxh4 57. Kf4 Bf2 58. Kg5 h4 59. Bf4 Bg3
0-1

[Event "Montebelluna 2019.12"]
[Site "Montebelluna ITA"]
[Date "2019.12.29"]
[Round "5.3"]
[White "Panjwani, Raja"]
[Black "Nikolovski, Nikola"]
[Result "0-1"]
[WhiteElo "2444"]
[BlackElo "2435"]
[PlyCount "148"]
[EventDate "2019.12.27"]
[EventType "swiss"]
[EventRounds "9"]
[EventCountry "ITA"]
[Source "ChessMix"]
[SourceDate "2020.01.01"]

1. d4 e6 2. c4 f5 3. g3 Nf6 4. Bg2 Be7 5. Nf3 O-O 6. O-O d6 7. Nc3 Ne4 8. a4
Bf6 9. a5 Na6 10. Qc2 Nxc3 11. bxc3 e5 12. dxe5 dxe5 13. Rd1 Qe8 14. Nd2 e4 15.
Nb1 Be6 16. Na3 Bd7 17. Nb5 Bxb5 18. cxb5 Qxb5 19. g4 Rae8 20. Qa2+ Kh8 21. Rb1
Qc6 22. Ba3 Be7 23. Bxe7 Rxe7 24. Qd5 Qf6 25. Qxb7 fxg4 26. Qxa7 c5 27. Rd7 Re6
28. Kh1 Qxc3 29. Rf7 Rg8 30. Qd7 Qe5 31. Kg1 Nb4 32. Rf4 e3 33. Re4 exf2+ 34.
Kh1 Rd6 35. Rxe5 Rxd7 36. Rxc5 Rf8 37. Rc4 Nd5 38. Rxg4 Rdf7 39. Bxd5 f1=Q+ 40.
Rxf1 Rxf1+ 41. Rg1 Rxg1+ 42. Kxg1 Rd8 43. e4 Rd6 44. Bb7 Rd3 45. a6 Ra3 46. Kf2
Kg8 47. Ke2 Kf7 48. Kd2 Ke6 49. Kc2 Kd6 50. Kb2 Ra5 51. Kb3 Kc7 52. Kc4 Rh5 53.
Bd5 Kb6 54. Bb7 Rxh2 55. e5 Re2 56. Kd4 g5 57. Be4 g4 58. e6 g3 59. e7 g2 60.
Bxg2 Rxe7 61. Be4 h5 62. Ke3 h4 63. Kf3 h3 64. Bd3 Rg7 65. Bf1 h2 66. Bg2 Kxa6
67. Kf2 Kb6 68. Kf3 Kc5 69. Kf2 Rf7+ 70. Kg3 Rh7 71. Bh1 Kd4 72. Kg4 Ke3 73.
Kg3 Ke2 74. Kg2 Rh6 0-1

[Event "Montebelluna 2019.12"]
[Site "Montebelluna ITA"]
[Date "2019.12.29"]
[Round "6.8"]
[White "Dudin, Gleb"]
[Black "Panjwani, Raja"]
[Result "1/2-1/2"]
[WhiteElo "2345"]
[BlackElo "2444"]
[PlyCount "43"]
[EventDate "2019.12.27"]
[EventType "swiss"]
[EventRounds "9"]
[EventCountry "ITA"]
[Source "ChessMix"]
[SourceDate "2020.01.01"]

1. c4 e6 2. Nc3 d5 3. d4 Nf6 4. cxd5 exd5 5. Bg5 c6 6. e3 Be7 7. Qc2 Nbd7 8.
Bd3 h6 9. Bh4 O-O 10. Nf3 Re8 11. h3 Ne4 12. Bxe7 Qxe7 13. Bxe4 dxe4 14. Nd2
Nf6 15. O-O c5 16. dxc5 Qxc5 17. Qa4 Bxh3 18. gxh3 Qg5+ 19. Kh1 Qh5 20. Kg2
Qg5+ 21. Kh1 Qh4 22. Kg2 1/2-1/2

[Event "Marshall CC-ch"]
[Site "New York USA"]
[Date "2019.11.14"]
[Round "1"]
[White "Panjwani, Raja"]
[Black "Steingrimsson, Hedinn"]
[Result "1/2-1/2"]
[WhiteElo "2450"]
[BlackElo "2549"]
[PlyCount "82"]
[EventDate "2019.11.14"]
[EventType "tourn"]
[EventRounds "3"]
[EventCountry "USA"]
[Source "ChessMix"]
[SourceDate "2019.11.20"]

1. Nf3 d5 2. g3 c6 3. Bg2 Bg4 4. O-O Nd7 5. d3 Ngf6 6. c4 dxc4 7. dxc4 e5 8.
Qc2 Bc5 9. Nc3 O-O 10. h3 Bh5 11. Nh4 Re8 12. b3 a5 13. Bb2 Qe7 14. Na4 Ba3 15.
Bxa3 Qxa3 16. g4 Bg6 17. Nxg6 hxg6 18. c5 g5 19. Rfd1 e4 20. Rd4 e3 21. f4 gxf4
22. Rad1 Nd5 23. Bxd5 cxd5 24. Rxf4 Re5 25. Rd3 b5 26. Rc3 Re4 27. Rxe4 dxe4
28. c6 Qd6 29. Qxe4 Qd1+ 30. Kh2 Nf6 31. Qd3 Qe1 32. c7 Rc8 33. Nb6 Qf2+ 34.
Kh1 Qf1+ 35. Kh2 Qf2+ 36. Kh1 Rxc7 37. Qd8+ Kh7 38. Qd3+ g6 39. Rxc7 Qf1+ 40.
Kh2 Qf4+ 41. Kg2 Qf2+ 1/2-1/2

[Event "Marshall CC-ch"]
[Site "New York USA"]
[Date "2019.11.14"]
[Round "2"]
[White "Sturt, Raven"]
[Black "Panjwani, Raja"]
[Result "1-0"]
[WhiteElo "2466"]
[BlackElo "2450"]
[PlyCount "73"]
[EventDate "2019.11.14"]
[EventType "tourn"]
[EventRounds "3"]
[EventCountry "USA"]
[Source "ChessMix"]
[SourceDate "2019.11.20"]

1. e4 c6 2. Nf3 d5 3. Nc3 g6 4. h3 Bg7 5. d4 dxe4 6. Nxe4 Nf6 7. Nxf6+ exf6 8.
Bc4 O-O 9. O-O a5 10. Re1 Na6 11. Bf1 Bf5 12. c3 Nc7 13. b3 Qd7 14. Nh4 Be6 15.
c4 Rfd8 16. Bb2 Qd6 17. Qd2 a4 18. Nf3 b5 19. Bc3 f5 20. d5 Bxc3 21. Qxc3 b4
22. Qd4 cxd5 23. c5 Qf8 24. Qxb4 d4 25. Nxd4 Nd5 26. Qc4 Nc7 27. Nxe6 Nxe6 28.
b4 Rd4 29. Qc3 Rad8 30. Rac1 Nf4 31. a3 Rd3 32. Bxd3 Rxd3 33. Qc4 Qh6 34. c6
Nxh3+ 35. gxh3 Qg5+ 36. Kh2 Rf3 37. Qd4 1-0

[Event "Marshall CC-ch"]
[Site "New York USA"]
[Date "2019.11.15"]
[Round "3"]
[White "Panjwani, Raja"]
[Black "Paragua, Mark"]
[Result "1/2-1/2"]
[WhiteElo "2450"]
[BlackElo "2496"]
[PlyCount "108"]
[EventDate "2019.11.14"]
[EventType "tourn"]
[EventRounds "3"]
[EventCountry "USA"]
[Source "ChessMix"]
[SourceDate "2019.11.20"]

1. d4 Nf6 2. Nf3 g6 3. g3 Bg7 4. Bg2 O-O 5. c4 d6 6. Nc3 Nc6 7. O-O a6 8. d5
Na5 9. Nd2 c5 10. Rb1 Rb8 11. b3 b5 12. Bb2 e5 13. Qc2 h5 14. e4 h4 15. Ne2
hxg3 16. hxg3 Ng4 17. Bf3 Bh6 18. Kg2 Qg5 19. Bc1 Qf6 20. Bxg4 Bxg4 21. f3 Bd7
22. Rh1 Bg7 23. Bb2 Qe7 24. Qc3 Nb7 25. Rh2 f5 26. Rbh1 bxc4 27. bxc4 Nd8 28.
Ba1 Nf7 29. exf5 Bxf5 30. g4 Bd7 31. Qc2 Qg5 32. Ne4 Bf5 33. Bc3 Bxe4 34. Qxe4
Nh6 35. Rd1 Nf5 36. Bd2 Nh4+ 37. Rxh4 Qxh4 38. Bc1 Qf6 39. Ng1 Qf7 40. Nh3 Bf6
41. Rh1 a5 42. Nf2 a4 43. Qd3 Be7 44. Ne4 Rb4 45. Ng3 Rxc4 46. Rh6 Qxf3+ 47.
Qxf3 Rxf3 48. Kxf3 Rxc1 49. Rxg6+ Kf7 50. Re6 Rc3+ 51. Kg2 Rc2+ 52. Kf3 Rc3+
53. Kg2 Rc2+ 54. Kf3 Rc3+ 1/2-1/2

[Event "Marshall CC-ch"]
[Site "New York USA"]
[Date "2019.11.15"]
[Round "4"]
[White "Niemann, Hans Moke"]
[Black "Panjwani, Raja"]
[Result "1-0"]
[WhiteElo "2436"]
[BlackElo "2450"]
[PlyCount "101"]
[EventDate "2019.11.14"]
[EventType "tourn"]
[EventRounds "3"]
[EventCountry "USA"]
[Source "ChessMix"]
[SourceDate "2019.11.20"]
[TimeControl "40/5400+30:900+30"]

1. d4 {[%emt 0:00:00]} d5 {[%emt 0:00:05]} 2. c4 {[%emt 0:00:06]} dxc4 {
[%emt 0:00:05]} 3. e4 {[%emt 0:01:04]} Nf6 {[%emt 0:00:06]} 4. e5 {
[%emt 0:00:04]} Nd5 {[%emt 0:00:04]} 5. Bxc4 {[%emt 0:00:05]} Bf5 {
[%emt 0:00:05]} 6. Ne2 {[%emt 0:00:44]} e6 {[%emt 0:00:41]} 7. a3 {
[%emt 0:03:27]} Be7 {[%emt 0:02:32]} 8. Nbc3 {[%emt 0:00:30]} Nb6 {
[%emt 0:00:26]} 9. Ba2 {[%emt 0:00:17]} O-O {[%emt 0:00:35]} 10. O-O {
[%emt 0:00:48]} c5 {[%emt 0:11:59]} 11. Be3 {[%emt 0:12:53]} c4 {[%emt 0:03:02]
} 12. Ng3 {[%emt 0:03:55]} Bg6 {[%emt 0:08:16]} 13. Qg4 {[%emt 0:00:10]} Nc6 {
[%emt 0:02:45]} 14. Rad1 {[%emt 0:00:09]} Kh8 {[%emt 0:07:57]} 15. Nh5 {
[%emt 0:02:03]} Na5 {[%emt 0:07:03]} 16. Nf4 {[%emt 0:02:22]} Bf5 {
[%emt 0:01:56]} 17. Qf3 {[%emt 0:00:07]} Bg5 {[%emt 0:03:31]} 18. d5 {
[%emt 0:07:30]} Bxf4 {[%emt 0:01:01]} 19. Bxf4 {[%emt 0:00:18]} Bd3 {
[%emt 0:04:56]} 20. d6 {[%emt 0:00:03]} f6 {[%emt 0:01:04]} 21. Rxd3 {
[%emt 0:02:44]} fxe5 {[%emt 0:02:19]} 22. Rdd1 {[%emt 0:00:41]} Rxf4 {
[%emt 0:00:50]} 23. Qh3 {[%emt 0:00:04]} Qf6 {[%emt 0:02:54]} 24. g3 {
[%emt 0:03:51]} Rd4 {[%emt 0:03:48]} 25. Bb1 {[%emt 0:00:05]} h6 {
[%emt 0:01:18]} 26. Ne4 {[%emt 0:02:27]} Qf5 {[%emt 0:03:02]} 27. Qxf5 {
[%emt 0:06:34]} exf5 {[%emt 0:00:00]} 28. Nc5 {[%emt 0:00:00]} Rd8 {
[%emt 0:01:26]} 29. Ne6 {[%emt 0:00:04]} R8xd6 {[%emt 0:00:08]} 30. Nxd4 {
[%emt 0:00:00]} exd4 {[%emt 0:00:34]} 31. Bxf5 {[%emt 0:00:01]} Na4 {
[%emt 0:05:09]} 32. Rb1 {[%emt 0:00:07]} d3 {[%emt 0:01:36]} 33. Rfe1 {
[%emt 0:00:15]} g6 {[%emt 0:00:29]} 34. Bg4 {[%emt 0:00:11]} Rb6 {
[%emt 0:10:07]} 35. Re8+ {[%emt 0:05:16]} Kg7 {[%emt 0:00:00]} 36. Rbe1 {
[%emt 0:00:06]} Rf6 {[%emt 0:04:26]} 37. Be6 {[%emt 0:02:46]} d2 {
[%emt 0:08:33]} 38. Rd1 {[%emt 0:00:04]} Nc5 {[%emt 0:02:29]} 39. Bd5 {
[%emt 0:00:45]} Ncb3 {[%emt 0:00:00]} 40. Rg8+ {[%emt 0:01:09]} Kh7 {
[%emt 0:00:00]} 41. Rb8 {[%emt 0:15:04]} Rd6 {[%emt 0:16:46]} 42. Bxc4 {
[%emt 0:00:17]} Nc1 {[%emt 0:00:00]} 43. Bf1 {[%emt 0:00:35]} Rd7 {
[%emt 0:00:00]} 44. Bb5 {[%emt 0:01:29]} Rd5 {[%emt 0:00:00]} 45. b4 {
[%emt 0:00:09]} Nab3 {[%emt 0:00:00]} 46. Rxb7+ {[%emt 0:00:01]} Kh8 {
[%emt 0:00:00]} 47. Bc4 {[%emt 0:00:17]} Re5 {[%emt 0:00:00]} 48. Kf1 {
[%emt 0:00:04]} a6 {[%emt 0:01:22]} 49. Rd7 {[%emt 0:00:40]} Re4 {
[%emt 0:01:00]} 50. Bxb3 {[%emt 0:00:07]} Nxb3 {[%emt 0:00:08]} 51. Rd3 {
[%emt 0:00:06]} 1-0